| 000 | 00384nam a2200145Ia 4500 | ||
|---|---|---|---|
| 005 | 20240619013938.0 | ||
| 008 | 240331s9999 xx 000 0 und d | ||
| 082 |
_bGAN _a891.48 |
||
| 100 | _aGanesalingan,S | ||
| 245 | 0 |
_aApalaiyin kaditham _cS.Ganeshalingan |
|
| 260 |
_aChennai _bKumaran Publishers _c2003 |
||
| 300 | _a86 p ., | ||
| 500 | _aA Short Novel by stefen Zweig | ||
| 942 | _cL | ||
| 999 |
_c3893 _d3893 |
||